| 000 | 00786nam a2200253 a 4500 | ||
|---|---|---|---|
| 001 | 73240 | ||
| 003 | BD-RjUL | ||
| 005 | 20211209082351.0 | ||
| 008 | 170529s1961 us 001 0 eng d | ||
| 035 | _a(BD-RjUL)73458 | ||
| 040 |
_aBD-RjUL _beng _cBD-RjUL |
||
| 041 | _aeng | ||
| 082 |
_223 _a531.382 _bTIT 1961 |
||
| 100 | 1 |
_aTimoshenko, Stephen, _d1878-1972. _9212153 |
|
| 245 | 1 | 0 |
_aTheory of elastic stability / _cby Stephen P. Timoshenko, in collaboration with James M. Gere |
| 250 | _a2nd ed. | ||
| 260 |
_aNew York ; _aLondon : _bMcGraw-Hill Book Company, _cc1961 |
||
| 300 |
_a541 p. : _bill. ; _c23 cm. |
||
| 490 | 1 | _aEngineering societies monographs | |
| 650 | 0 |
_aElasticity _9155996 |
|
| 650 | 0 |
_aStability _9155910 |
|
| 700 | 1 |
_aGere, James M. _9160282 |
|
| 942 |
_2ddc _cBK |
||
| 999 |
_c73240 _d73240 |
||